Compassionate statistics (Record no. 2902)

MARC details
000 -LEADER
fixed length control field 00610 a2200157 4500
000 - LEADER
fixed length control field BKB
001 - CONTROL NUMBER
control field 069337
005 - DATE AND TIME OF LATEST TRANSACTION
control field 20200902150247.0
008 - FIXED-LENGTH DATA ELEMENTS--GENERAL INFORMATION
fixed length control field
082 ## - DEWEY DECIMAL CLASSIFICATION NUMBER
Classification number 361.0015195
Item number F14C
100 1# - MAIN ENTRY--PERSONAL NAME
Personal name Faherty, Vincent E.
245 1# - TITLE STATEMENT
Title Compassionate statistics
Statement of responsibility, etc by Vincent E. Faherty
260 ## - PUBLICATION, DISTRIBUTION, ETC. (IMPRINT)
Place of publication, distribution, etc New Delhi
Name of publisher, distributor, etc Sage Publications
Date of publication, distribution, etc 2008
300 ## - PHYSICAL DESCRIPTION
Extent 317p.
690 ## - LOCAL SUBJECT ADDED ENTRY--TOPICAL TERM (OCLC, RLIN)
Topical term or geographic name as entry element Social service--Statistical methods; Evaluation research (Social action programs)--Statistical methods; SPSS (Computer file); Social sciences--Statistical methods--Computer programs; SPSS for Windows
Holdings
Withdrawn status Lost status Damaged status Not for loan Home library Current library Date acquired Cost, normal purchase price Total Checkouts Full call number Barcode Date last seen Price effective from Koha item type
        Central University Of Rajasthan Central University Of Rajasthan 07/03/2012 2482.64   361.0015195 F14C 3624 21/11/2024 02/09/2020 Books